Sanat - "Taivaan tie" - Katri Helena - Statistics

Yleistilastot
  • Tätä visaa on pelattu 15 kertaa
  • Keskiarvotulos 94 / 166
Vastaustilastot
Vastaus % Oikein
ei
100%
sen
100%
kahvila
80%
ole
80%
sinne
80%
Taivaan
80%
taivaan
80%
taivaassa
80%
tie
80%
vie
80%
kotiin
60%
kulkee
60%
kun
60%
läheisten
60%
luokse
60%
on
60%
rakkaiden
60%
se
60%
tavallinen
60%
tien
60%
tuttu
60%
varrella
60%
aina
40%
äiti
40%
asioiden
40%
halkoo
40%
illalla
40%
jaksakkaan
40%
jalat
40%
johtaa
40%
joihin
40%
jolla
40%
jotka
40%
kädet
40%
kantaa
40%
kantavat
40%
kaupasta
40%
kaupungin
40%
koteihin
40%
kulkea
40%
kulkevat
40%
kulkija
40%
läpi
40%
maiseman
40%
matkalla
40%
matkallaan
40%
metsän
40%
muovikasseja
40%
pellon
40%
perhe
40%
pienten
40%
poikki
40%
pysähtyä
40%
reunustan
40%
saman
40%
siihen
40%
siitä
40%
silloin
40%
taivaantietä
40%
tavallisiin
40%
toinen
40%
tulee
40%
tunnistat
40%
vaan
40%
väsyy
40%
voi
40%
yli
40%
arjen
20%
avoin
20%
että
20%
halki
20%
heillä
20%
huolta
20%
ihanuus
20%
onkin
20%
pitää
20%
salaisuus
20%
toisista
20%
vaatimattomat
20%
painettu
0%
rinnallaan
0%
Ehtoja vastaavia visoja ei löytynyt
Tulosjakauma
Jokaisen tuloksen saaneiden osuus
Persentiili vastausten määrän mukaan
Tuloshistoriasi
Et ole pelannut tätä visaa